01506nam a2200349 c 4500001001100000003000700011005001700018008003900035015001000074017005000084020002200134035002100156040004100177080003300218080002700251100004300278245014200321260006000463300004000523336003400563337003300597500002200630504003400652600004600686650009600732700003900828700004300867710006600910852002400976952013901000999001701139C00080939cSpMaBN20241029152444.0230614s2015 sp a | |||| 000 0 spa aMON15 aM 3597-2015 bOficina Depósito Legal Madrid a978-84-15069-51-5 a(OCoLC)908833951 aSpMaBN bspa cSpMaBN dM-RABA erdc a686.1 Brugalla Turmo, Emilio a745/746.036(460):686.11 aGarcía Herranz, Ana (d1972-)96030010aBrugalla, maestro encuadernador, en la biblioteca de la Real Academia de la Historia / cAna García Herranz, Antonio Carpallo Bautista. a[Madrid] : bReal Academia de la Historia, cD.L. 2015. a161 p. : bil. col. y n. ; c24 cm. aTexto (visual) 2isbdcontent] asin mediación 2isbdmedia] aEjemplar firmado. aBibliografía: p. [119]-121.17aBrugalla Turmo, Emilio (d1901-1987)9225 7aEncuadernación artísticaaReal Academia de la Historia (España).bBiblioteca.91099141 aCarpallo Bautista, Antonio.9394161 aGarcía Herranz, Ana (d1972-)9603002 aReal Academia de la Historia (España). bBiblioteca.9379014 aM-RABA jJ-1949 001040708NORaRABASFbRABASFcDP2d2023-06-14eDl0oJ-1949p1085912r2024-10-15 10:04:43w2024-10-15yFONDOMODERzEjemplar firmado c77286d77286